| 000 | 00971cam a22002534a 4500 | ||
|---|---|---|---|
| 003 | EG-GiCUC | ||
| 008 | 110104s2001 ku g 000 0 ara d | ||
| 040 |
_aEG-GiCUC _beng _cEG-GiCUC |
||
| 043 | _aa-ku--- | ||
| 092 | 0 | 4 |
_a342.538 _bT112 2001 _221 |
| 099 |
_a04 _a342.538 T112 2001 |
||
| 100 | 1 | _aالطبطبائى : عادل | |
| 245 | 1 | 2 |
_aالنظام الدستورى فى الكويت : _bدراسة مقارنة / _c{u200F}عادل الطبطبائى |
| 250 | _aط4 : منقحة | ||
| 260 |
_aالكويت : _b{u200F}ع. الطبطبائى ؛ _c2001 |
||
| 300 |
_a1196 ص ؛ _c25 cm. |
||
| 504 | _aيشتمل على ارجاعات ببليوجرافية. | ||
| 650 | 4 |
_aالقانون الدستورى _zالكويت |
|
| 902 | _a1 | ||
| 905 |
_aايمان _eمراجع |
||
| 905 |
_aجمال _eمدخل |
||
| 942 |
_2ddc _cBK |
||
| 999 |
_c121766 _d121766 |
||